000 00310nam a2200133Ia 4500
008 191201s2011 xx 000 0 und d
100 _aSILBERSCHATZ, Abraham
245 0 _aDatabase Systems concepts
250 _a6th
260 _c2011
_bTMH
_aN. delhi
300 _a1349
650 _aCSE
942 _2ddc
_cBB
_01
999 _c7460
_d7460